000 00597nam a22001815i 4500
001 68860
003 ES-MaACL
005 20260303063013.0
007 t|
008 960829s1852 it ||||1| ita d
040 _aCAM
_bspa
_cCAM
100 0 _aGiorgi, Alessandro de
_957166
245 1 0 _aSaggio sui principi fondamentali del diritto filosofico e in particolare sulla teoria del diritto penale /
_cdi Alessandro de Giorgi.
260 _aPadova :
_b[s.n.],
_c1852 (
_fdalla tipografia Sicca)
300 _aXV, 303 p. ;
_c25 cm.
852 _aES-MaACL
_jG-8076
999 _c68860
_d68860